Catálogo

Introducción al documental / (Registro nro. 66888)

Detalles MARC
000 -LEADER
fixed length control field 00921nam a2200277 u 4500
001 - CONTROL NUMBER
control field 66888
005 - DATE AND TIME OF LATEST TRANSACTION
control field 20180714074834.0
008 - FIXED-LENGTH DATA ELEMENTS--GENERAL INFORMATION
fixed length control field 170316s2013 mx a r 000 0 spa d
020 ## - INTERNATIONAL STANDARD BOOK NUMBER
International Standard Book Number 9786070247996
041 0# - LANGUAGE CODE
Language code of text/sound track or separate title spa
082 0# - DEWEY DECIMAL CLASSIFICATION NUMBER
Classification number 070.18
Item number NIC
100 1# - MAIN ENTRY--PERSONAL NAME
Personal name Nichols, Bill,
Relator term autor
245 10 - TITLE STATEMENT
Title Introducción al documental /
Statement of responsibility, etc. Bill Nichols ; traducción Miguel Bustos García.
250 ## - EDITION STATEMENT
Edition statement Primera edición
264 #1 - PRODUCTION, PUBLICATION, DISTRIBUTION, MANUFACTURE, AND COPYRIGHT NOTICE
Place of production, publication, distribution, manufacture México :
Name of producer, publisher, distributor, manufacturer Universidad Nacional Autónoma de México,
Date of production, publication, distribution, manufacture, or copyright notice 2013
300 ## - PHYSICAL DESCRIPTION
Extent 367 páginas :
Other physical details ilustraciones ;
Dimensions 23 cm.
336 ## - CONTENT TYPE
Content type term texto
Source rdacontent
337 ## - MEDIA TYPE
Media type term sin mediación
Source rdamedia
338 ## - CARRIER TYPE
Carrier type term volumen
Source rdacarrier
490 0# - SERIES STATEMENT
Series statement Colección Miradas en la oscuridad
500 ## - GENERAL NOTE
General note Segunda edición del autor
650 #4 - SUBJECT ADDED ENTRY--TOPICAL TERM
Topical term or geographic name entry element Documentales
650 #4 - SUBJECT ADDED ENTRY--TOPICAL TERM
Topical term or geographic name entry element Historia y crítica
700 1# - ADDED ENTRY--PERSONAL NAME
Personal name Bustos García, Miguel,
Relator term traductor
740 0# - ADDED ENTRY--UNCONTROLLED RELATED/ANALYTICAL TITLE
Uncontrolled related/analytical title Introduction to documentary
Existencias
Withdrawn status Lost status Source of classification or shelving scheme Damaged status Not for loan Collection code Home library Current library Shelving location Date acquired Source of acquisition Inventory number Total Checkouts Full call number Barcode Date last seen Date last checked out Price effective from Koha item type
    Dewey Decimal Classification     General Biblioteca Karol Wojtyla Biblioteca Karol Wojtyla Sala general 16/03/2017 Compra 151000000000000000059964   070.18 NIC 2013 97171 05/01/2026 15/08/2017 18/03/2017 Libro
    Dewey Decimal Classification     General Biblioteca Karol Wojtyla Biblioteca Karol Wojtyla Sala general 18/03/2017 Compra 151000000000000000059965   070.18 NIC 2013 97172 05/01/2026 08/04/2017 18/03/2017 Libro